Biblioteca

El misterio revelado : descubriendo a Cristo en el Antiguo Testamento / Edmund p. Clowney ; traducido por Cynthia Verónica Pérez de Canales (Registro nro. 46231)

Detalles MARC
000 -LÍDER
Campo fijo de descripción fija 009480000a22002290004500
001 - NÚMERO DE CONTROL
Campo de control 19874
003 - IDENTIFICADOR DEL NÚMERO DE CONTROL
Campo de control CO-MdBIC
020 ## - NÚMERO INTERNACIONAL NORMALIZADO PARA LIBROS
Número Internacional Normalizado del libro 978-958-58452-3-7
040 ## - FUENTE DE CATALOGACIÓN
Idioma de catalogación spa.
082 04 - NÚMERO DE CLASIFICACIÓN DECIMAL DEWEY
Número de clasificación G 232.12 C648m
100 1# - ASIENTO PRINCIPAL--NOMBRE PERSONAL
Nombre personal Clowney, Edmund P.
245 10 - TÍTULO
Título del Material El misterio revelado : descubriendo a Cristo en el Antiguo Testamento / Edmund p. Clowney ; traducido por Cynthia Verónica Pérez de Canales
260 ## - PUBLICACIÓN, DISTRIBUCIÓN, ETC. (PIE DE IMPRENTA)
Lugar de publicación, distribución, etc. Medellín, Colombia : Poieima
300 ## - DESCRIPCIÓN FÍSICA
Extensión 217 páginas
336 ## - CONTENT TYPE
Content type term texto
Content type code txt
Source rdacontent
337 ## - MEDIA TYPE
Source rdamedia
Media type term sin mediación
Media type code n
338 ## - CARRIER TYPE
Source rdacarrier
Carrier type term volumen
Carrier type code nc
500 ## - NOTA GENERAL
Nota General Título original en inglés: The Unfolding Mystery: Discovering Christ in the Old Testament
501 ## - NOTA DE “CON”
Nota de Contenido rústico
505 00 - NOTA DE CONTENIDO
Nota de contenido con formato preestablecido El Nuevo Hombre -- El Hijo de la Mujer -- El Hijo de Abraham -- El Heredero de la Promesa -- El Señor y Su Siervo -- La Roca de Moisés -- El Ungido del Señor -- El príncipe de Paz -- El Señor que Vendrá
942 ## - TIPO DE MATERIAL (KOHA)
Tipo de Item KOHA Libros General
Existencias
Estado de Material Estado de Perdido Forma de Clasificación Estado de Dañado No para Préstamo Colección Tomo Biblioteca de Origen Biblioteca Permanente Fecha de Adquisición Total de Préstamos Total de Renovaciones Signatura Topográfica Código de Barras Prestado Última vez visto Última vez Préstado Ejemplar/Existencia Fecha de Remplazo Tipo de Material
    Dewey Decimal Classification     Colección General   Biblioteca FUSBC Biblioteca FUSBC 22/05/2015 9 5 G 232.12 C648m 19950 11/04/2026 06/03/2026 06/03/2026 1 26/01/2016 Libros General

Biblioteca FUSBC | Teléfono: (57+4) 349 88 10 Ext. 141| WhatsApp (+57) 3005338115 
E-mail: biblioteca@unisbc.edu.co | Calle 76 87-14 Robledo Palenque, Medellín, Colombia

Con tecnología Koha